| 000 | 00343nam a2200145Ia 4500 | ||
|---|---|---|---|
| 008 | 230711s9999||||xx |||||||||||||| ||und|| | ||
| 041 | _aENG | ||
| 082 |
_a800 _bJA-C |
||
| 100 | _aJagtar Singh | ||
| 245 | 0 | _aChonavi punjabi ghazals | |
| 250 | _a1st Ed. | ||
| 260 |
_c1994 _aNew Delhi _bPradeep publishers |
||
| 650 | _aLiterature | ||
| 942 | _cBK | ||
| 999 |
_c3004 _d3004 |
||